? - XXXTENTACION - Statistics

General Stats
  • This quiz has been taken 14 times
  • The average score is 9 of 18
Answer Stats
Songs Plays Artists % Correct
$$$ 203,653,759 XXXTENTACION, Matt Ox
100%
SAD! 2,450,755,259 XXXTENTACION
92%
Moonlight 2,229,169,984 XXXTENTACION
77%
hope 1,811,210,017 XXXTENTACION
69%
Introduction (Instructions) 50,171,221 XXXTENTACION
54%
ALONE, PART 3 215,389,562 XXXTENTACION
46%
changes 1,485,556,008 XXXTENTACION
46%
Floor 555 235,222,402 XXXTENTACION
46%
I don't even speak spanish lol 212,301,041 XXXTENTACION, Rio Santana, Judah, Andrez Babii
46%
the remedy for a broken heart (why am I so in love) 1,064,179,634 XXXTENTACION
46%
before i close my eyes 283,741,827 XXXTENTACION
38%
going down! 215,908,965 XXXTENTACION
38%
love yourself (interlude) 102,442,256 XXXTENTACION
38%
NUMB 602,818,704 XXXTENTACION
38%
Pain = BESTFRIEND 101,324,129 XXXTENTACION, Travis Barker
38%
schizophrenia 86,821,930 XXXTENTACION
38%
SMASH! 99,661,478 XXXTENTACION, PnB Rock
38%
Infinity (888) 383,144,221 XXXTENTACION, Joey Bada$$
31%
No matching quizzes found
Score Distribution
Percent of People with Each Score
Percentile by Number Answered
Your Score History
You have not taken this quiz